Tìm hiểu truyện ngắn Nguyễn Công Hoan
Nghiên cứu đánh giá sự xuất hiện các truyện ngắn của Nguyễn Công Hoan-nhà văn hiện thực xuất sắc, phê phán sâu sắc xã hội thực dân phong kiến đương thời...; Những đặc điểm nghệ thuật truyện ngắn của Nguyễn Công Hoan: Nghệ thuật bắt nguồn từ cuộc sống, nghệ thuật truyện ngắn, nghệ thuật trào phúng....
Đã lưu trong:
| Tác giả chính: | |
|---|---|
| Định dạng: | Sách |
| Ngôn ngữ: | Vietnamese |
| Được phát hành: |
H.
Nxb Khoa học xã hội
1979
|
| Những chủ đề: | |
| Các nhãn: |
Thêm thẻ
Không có thẻ, Là người đầu tiên thẻ bản ghi này!
|
| Thư viện lưu trữ: | Mạng thư viện Đại học Đà Nẵng |
|---|
| LEADER | 01362nam a2200337 4500 | ||
|---|---|---|---|
| 001 | 000015287 | ||
| 003 | 11663 | ||
| 005 | 20120524160542.0 | ||
| 008 | 120524s1979 viesd | ||
| 020 | |c 19000đ | ||
| 041 | 0 | |a vie | |
| 082 | |a 895.9223 |b LE-H | ||
| 100 | 0 | |a Lê Thị Đức Hạnh | |
| 245 | 0 | |a Tìm hiểu truyện ngắn Nguyễn Công Hoan |c Lê Thị Đức Hạnh | |
| 260 | |a H. |b Nxb Khoa học xã hội |c 1979 | ||
| 300 | |a 319tr |c 19cm | ||
| 500 | |a ĐTTS ghi: Uỷ ban khoa học xã hội Việt Nam. Viện Văn học | ||
| 520 | |a Nghiên cứu đánh giá sự xuất hiện các truyện ngắn của Nguyễn Công Hoan-nhà văn hiện thực xuất sắc, phê phán sâu sắc xã hội thực dân phong kiến đương thời...; Những đặc điểm nghệ thuật truyện ngắn của Nguyễn Công Hoan: Nghệ thuật bắt nguồn từ cuộc sống, nghệ thuật truyện ngắn, nghệ thuật trào phúng. | ||
| 653 | |a Nghiên cứu văn học | ||
| 653 | |a Nguyễn Công Hoan | ||
| 653 | |a Truyện ngắn | ||
| 653 | |a văn học hiện đại | ||
| 910 | |a ĐTCƯỜNG |d 13/07/2011 | ||
| OWN | |a LSP | ||
| 999 | |a From the UDN01 | ||
| TYP | |a Monograph | ||
| TYP | |a Printed language | ||
| 980 | |a Mạng thư viện Đại học Đà Nẵng | ||